| 000 | 00599cas a22001935a 4500 | ||
|---|---|---|---|
| 001 | ##L111666 | ||
| 008 | 070608c2001 xxkmr p 0 a0eng d | ||
| 022 | 1 | _a1472-9822 | |
| 035 | _a(Sirsi) u111666 | ||
| 041 | 0 | _aeng | |
| 245 | 0 | 0 | _aArbitration Law Monthly |
| 260 | 3 |
_aLondon _bInforma Professional _c2001- |
|
| 362 | 0 | _a1(1) February 2001- | |
| 554 | _aTen per year | ||
| 651 | 4 |
_aUnited Kingdom _y |
|
| 690 | _aMANAGEMENT-DISPUTE AVOIDANCE, MANAGEMENT AND RESOLUTION-DISPUTE MANAGEMENT AND RESOLUTION-ARBITRATION | ||
| 780 | 0 | 0 | _tArbitration and Dispute Resolution Law Journal |
| 942 | _n0 | ||
| 999 |
_c118734 _d118734 |
||